000 01011nam a2200289Ia 4500
003 OSt
005 20221007125450.0
006 a|||||r|||| 00| 0
007 ta
008 221006b |||||||| |||| 00| 0 eng d
020 _a9812530266^dpbk
_c
_ 9.50
024 _a10869
037 _bEducational,
_cTextual
040 _aCDL
_cCDL
_beng
041 _2eng
_aeng
082 _aE:3, N4;P3;4
100 _aChristian Gary D
245 0 _aAnalytical chemistry by Gary D Christian
250 _aEd 6
260 _aNew
_bYork John Wiley Sons, Inc.
_c2003
300 _axix, 828p
_ccm.
500 _aAppendix A-F, 796-817p; Index 818-828p; ^n23/CSL/CARC/2003-2004/774^d2003-09-18^mPurchase; ; 2003-04/295^b2003-10-20^cEBA/658/2003-2004^d2003-10-08^eRs.3,994.00^fEducationalBook Agency (India); ; 2003-11-17^bSB^c2003-11-17^dRPS
650 _a Analytical
_9712745
650 _aChemistry
942 _hE:3, N4;P3;4
_cTEXL
_2CC
999 _c1215328
_d1215328